[Event "ICS Rated standard match"]
[Site "204.178.125.65"]
[Date "2000.02.19"]
[Round "?"]
[White "prg3"]
[Black "Hossa"]
[Result "0-1"]
[WhiteElo "2162"]
[BlackElo "2233"]
[PlyCount "90"]

1. d4 e6 2. c4 d5 3. Nc3 Nf6 4. cxd5 exd5 5. Bg5 c6 6. Qc2 Bb4 7. a3 Ba5 8. e3
Be6 9. Bd3 h6 10. Bh4 Nbd7 11. Nf3 Bg4 12. Nd2 Bc7 13. f3 Be6 14. O-O g5 15.
Bf2 Qb8 16. g3 h5 17. Bf5 h4 18. Bxe6 fxe6 19. Qg6+ Kd8 20. Qxg5 hxg3 21. hxg3
Rg8 22. Qh4 Bxg3 23. Bxg3 Rxg3+ 24. Kf2 Rg8 25. Rg1 Rf8 26. Rg7 e5 27. Rag1
exd4 28. exd4 Qd6 29. Rg8 Kc7 30. Rxf8 Qxf8 31. Qf4+ Kc8 32. Qh4 b6 33. Nb3 c5
34. Re1 c4 35. Nc1 Kb7 36. N1e2 Qg7 37. Qg3 Qh6 38. Qf4 Qh7 39. Qd6 Rc8 40. Rg1
Rc6 41. Qf4 Re6 42. Rg5 Kc6 43. Qf5 Qh2+ 44. Rg2 Qh4+ 45. Ng3 Qxd4+ 0-1

[Event "ICS rated bullet match"]
[Site "204.178.125.65"]
[Date "2000.02.19"]
[Round "?"]
[White "Hossa"]
[Black "FifthAvenue"]
[Result "1-0"]
[WhiteElo "2469"]
[BlackElo "2369"]
[PlyCount "91"]

1. d4 e6 2. c4 d6 3. e4 Nd7 4. Nf3 Be7 5. Be2 b6 6. O-O Bb7 7. Nc3 a6 8. Be3 c5
9. d5 e5 10. Qd2 Ngf6 11. Rad1 O-O 12. Ng5 Ne8 13. Rfe1 Nc7 14. Bg4 Bc8 15. Bf5
Nf6 16. Bxc8 Qxc8 17. f3 Qd7 18. f4 Rab8 19. fxe5 Nfe8 20. Nf3 dxe5 21. Nxe5
Qc8 22. Nc6 Bd6 23. e5 Nxd5 24. Qxd5 Bxe5 25. Ne7+ Kh8 26. Nxc8 Rxc8 27. Qxe5
Nf6 28. Qd6 Rce8 29. Qxb6 Rg8 30. Qxa6 Rb8 31. Qa3 Ra8 32. Qxc5 Rac8 33. Qe7
Rce8 34. Qxf7 Ref8 35. Qe7 Re8 36. Qc7 Rc8 37. Qf4 Rce8 38. b3 Ref8 39. Qc7 Nd7
40. Rxd7 Rd8 41. Rxd8 h6 42. Rd7 Rf8 43. Rxg7 Rf7 44. Rxf7 Kg8 45. Rg7+ Kf8 46.
Bc5# 1-0

[Event "ICS rated bullet match"]
[Site "204.178.125.65"]
[Date "2000.02.19"]
[Round "?"]
[White "FifthAvenue"]
[Black "Hossa"]
[Result "0-1"]
[WhiteElo "2357"]
[BlackElo "2481"]
[PlyCount "122"]

1. d3 e5 2. Nf3 Nf6 3. e3 Nc6 4. Be2 Be7 5. Nbd2 O-O 6. O-O d5 7. a3 e4 8. Ne1
exd3 9. cxd3 d4 10. e4 Be6 11. g3 Bh3 12. Ng2 Qd7 13. Nf3 Rfe8 14. Ng5 Bxg2 15.
Kxg2 h6 16. Nh3 Bd6 17. f4 Bc5 18. Nf2 Rab8 19. Bd2 a6 20. Qc2 Bb6 21. Rab1 h5
22. h3 h4 23. g4 Ba5 24. Bc1 Qe6 25. Bf3 Qa2 26. Bd2 Bxd2 27. Qxd2 Nd7 28. Qc2
Rbc8 29. Rfc1 Nb6 30. Qc5 Re6 31. Qc2 Rf6 32. Qd2 Rh6 33. g5 Rd6 34. Ng4 Qb3
35. Qc2 Qb5 36. Qc5 Qxd3 37. Rd1 Qb3 38. Qf5 Re8 39. g6 Rxg6 40. Qh5 Qc2+ 41.
Kh1 Qb3 42. Rf1 Qc2 43. Qxh4 Nc4 44. Qg3 Nxb2 45. Rg1 Qd2 46. Rbf1 Nc4 47. Rg2
Qc3 48. Rfg1 Qxa3 49. Rf2 Ne3 50. Rfg2 Nxg2 51. Rxg2 Qc1+ 52. Kh2 Qf1 53. f5
Rg5 54. Nh6+ gxh6 55. Qxg5+ hxg5 56. Rxg5+ Kf8 57. Rg3 Qf2+ 58. Bg2 Rxe4 59.
Rg8+ Kxg8 60. f6 Re2 61. h4 Qxg2# 0-1

[Event "ICS rated standard match"]
[Site "204.178.125.65"]
[Date "2000.02.19"]
[Round "?"]
[White "Hossa"]
[Black "prg3"]
[Result "1/2-1/2"]
[WhiteElo "2248"]
[BlackElo "2142"]
[PlyCount "228"]

1. Nf3 Nf6 2. d4 d5 3. Bf4 c6 4. e3 Bf5 5. Bd3 Bxd3 6. Qxd3 e6 7. Qb3 Qb6 8.
Qxb6 axb6 9. Bxb8 Rxb8 10. Nbd2 b5 11. Ke2 Ra8 12. h4 h5 13. Kd3 Bd6 14. Rhe1
Ke7 15. e4 dxe4+ 16. Nxe4 Nxe4 17. Kxe4 Rh6 18. Re3 Rf6 19. a3 Rf4+ 20. Kd3 Rf5
21. Ree1 Rd5 22. Ke3 Rf5 23. Ke4 Rf4+ 24. Kd3 Rf5 25. c3 Rd5 26. Ke4 Rf5 27.
Re2 Rf4+ 28. Ke3 Rf5 29. Rae1 Bf4+ 30. Kd3 Bd6 31. Ng5 Bf4 32. Ne4 Bd6 33. g3
Rf3+ 34. Re3 Rxe3+ 35. Kxe3 Kd7 36. f3 Rh8 37. Kf2 Be7 38. Re2 Ra8 39. Ke3 Rh8
40. Kf4 Bd6+ 41. Nxd6 Kxd6 42. Kg5 Rh6 43. Rf2 Rg6+ 44. Kf4 Kd5 45. b3 Rf6+ 46.
Ke3 Rg6 47. Rg2 Rh6 48. Rb2 Rg6 49. Kf2 Rf6 50. Re2 Rh6 51. Re5+ Kd6 52. c4
bxc4 53. bxc4 Rh8 54. Ra5 g6 55. Ke3 Kc7 56. Ra4 Rd8 57. Ke4 f6 58. Rb4 Ra8 59.
a4 Ra5 60. c5 Ra8 61. Ke3 Ra5 62. Kf4 Ra8 63. Ke3 Ra5 64. Kf4 Ra6 65. g4 hxg4
66. fxg4 Ra8 67. g5 fxg5+ 68. Kxg5 Rh8 69. Rb3 Rh5+ 70. Kxg6 Rxh4 71. Rd3 Re4
72. Kf6 Kd7 73. a5 Re1 74. Rh3 Rf1+ 75. Ke5 Re1+ 76. Kf4 Rf1+ 77. Ke3 Ra1 78.
Rh7+ Kc8 79. Ke4 Rxa5 80. Ke5 Ra4 81. Re7 Kb8 82. Rxe6 Ka7 83. Re7 Ka6 84. Re8
Ka7 85. Rc8 Rb4 86. d5 cxd5 87. Kxd5 Rb1 88. Rf8 Rd1+ 89. Ke5 Re1+ 90. Kd4 Rd1+
91. Ke3 Rd5 92. Rc8 Rd1 93. Ke2 Rd5 94. Kf3 Re5 95. Kf4 Re1 96. Rc7 Ka6 97. Rd7
Re8 98. Kf5 Rc8 99. Ke4 Rxc5 100. Rd2 b5 101. Ra2+ Kb6 102. Kd3 b4 103. Rc2 Rh5
104. Kc4 Rh4+ 105. Kb3 Kb5 106. Kb2 Rh3 107. Kb1 Ka4 108. Ra2+ Ra3 109. Kb2
Rxa2+ 110. Kxa2 b3+ 111. Kb2 Kb4 112. Kb1 Kc3 113. Kc1 b2+ 114. Kb1 Kb3 1/2-1/2

[Event "ICS rated blitz match"]
[Site "204.178.125.65"]
[Date "2000.02.19"]
[Round "?"]
[White "Hossa"]
[Black "Jorquera"]
[Result "1-0"]
[WhiteElo "2381"]
[BlackElo "2270"]
[PlyCount "89"]

1. c4 Nf6 2. Nf3 g6 3. Nc3 Bg7 4. d4 O-O 5. e4 d6 6. Bg5 c5 7. dxc5 Qa5 8. Bd3
Qxc5 9. Qd2 Bg4 10. h3 Bxf3 11. gxf3 Nc6 12. Be2 Ne5 13. Nd5 Nxd5 14. cxd5 f6
15. Rc1 Qb6 16. Be3 Qd8 17. Qb4 b6 18. f4 Nd7 19. h4 f5 20. f3 fxe4 21. fxe4
Rc8 22. h5 Rxc1+ 23. Bxc1 Qc7 24. Be3 Qc2 25. hxg6 hxg6 26. e5 Nc5 27. Qc4 Qxc4
28. Bxc4 a6 29. Rg1 b5 30. Be2 dxe5 31. Bxc5 exf4 32. Rxg6 Kf7 33. Bh5 Kg8 34.
Bd4 Rf7 35. Rg4 Kf8 36. Bxf7 Bxd4 37. Be6 Bg7 38. b4 f3 39. Kf2 Bd4+ 40. Rxd4
Kg7 41. Rf4 Kg6 42. Kxf3 Kg7 43. Bc8 Kg6 44. Bxa6 Kg7 45. Bxb5 1-0

[Event "ICS rated blitz match"]
[Site "204.178.125.65"]
[Date "2000.02.19"]
[Round "?"]
[White "j724"]
[Black "Hossa"]
[Result "0-1"]
[WhiteElo "2094"]
[BlackElo "2392"]
[PlyCount "38"]

1. d4 Nf6 2. Nf3 d5 3. Bf4 e6 4. e3 Bd6 5. Ne5 O-O 6. Nd2 c5 7. c3 Nc6 8. Bd3
Qc7 9. Ndf3 cxd4 10. exd4 Ne4 11. Qe2 Nxc3 12. bxc3 Nxe5 13. dxe5 Qxc3+ 14. Qd2
Qxa1+ 15. Ke2 Qxh1 16. exd6 Qxg2 17. Ng5 h6 18. Nf3 Bd7 19. Bxh6 gxh6 0-1

[Event "ICS rated bullet match"]
[Site "204.178.125.65"]
[Date "2000.02.19"]
[Round "?"]
[White "undertaker1"]
[Black "Hossa"]
[Result "1-0"]
[WhiteElo "2268"]
[BlackElo "2492"]
[PlyCount "97"]

1. e4 d5 2. exd5 Nf6 3. d4 Nxd5 4. c4 Nb6 5. Nf3 Bg4 6. c5 Nd5 7. Qb3 Bc8 8.
Bc4 e6 9. Nc3 c6 10. O-O Be7 11. Nxd5 cxd5 12. Bb5+ Bd7 13. Ne5 O-O 14. Nxd7
Nxd7 15. Bf4 Qc8 16. Qe3 Rd8 17. Rfe1 Nf6 18. Rac1 a6 19. Ba4 Ra7 20. c6 b5 21.
Bd1 Bb4 22. Re2 Bd6 23. Rec2 Qc7 24. Bxd6 Rxd6 25. Be2 b4 26. a3 bxa3 27. Qxa3
a5 28. Qf3 Rd8 29. Bd3 Qb6 30. Qe3 Rc7 31. Rc5 Qxb2 32. Rxa5 Ng4 33. Qf4 e5 34.
dxe5 Nxe5 35. Rd1 Nxd3 36. Qxc7 Qxf2+ 37. Kh1 Re8 38. Qe7 Rf8 39. Rxd5 Nf4 40.
R5d2 Qb6 41. Rd8 Ng6 42. c7 h6 43. Rxf8+ Kh7 44. Qxf7 Nxf8 45. c8=Q Qe6 46.
Qcxf8 Qxf7 47. Qxf7 Kh8 48. Qg6 Kg8 49. Rd8# 1-0

[Event "ICS rated bullet match"]
[Site "204.178.125.65"]
[Date "2000.02.19"]
[Round "?"]
[White "Hossa"]
[Black "undertaker1"]
[Result "0-1"]
[WhiteElo "2467"]
[BlackElo "2293"]
[PlyCount "100"]

1. Nf3 Nf6 2. c4 g6 3. Nc3 Bg7 4. e4 d6 5. d4 O-O 6. Bg5 h6 7. Bh4 c5 8. dxc5
g5 9. Bg3 dxc5 10. Be2 Bg4 11. h3 Be6 12. Qb3 b6 13. e5 Nh5 14. Bh2 Nc6 15. Rd1
Qb8 16. Nd5 g4 17. hxg4 Bxg4 18. Qa4 Rc8 19. Ne3 Be6 20. Ng1 Nd4 21. Bxh5 Bxe5
22. Nf3 Bf4 23. Bxf4 Qxf4 24. Qa6 Re8 25. Nd2 Bc8 26. Qa4 Rd8 27. Bf3 Bd7 28.
Qa3 a5 29. Bxa8 Rxa8 30. Qd3 Ba4 31. b3 Bc6 32. Rh5 a4 33. Kf1 axb3 34. axb3
Bd7 35. g3 Qd6 36. Qe4 Ra2 37. Qh4 Kg7 38. Ne4 Qe6 39. Nc3 Rb2 40. b4 Rxb4 41.
Ncd5 Ba4 42. Nc7 Qc6 43. Qg4+ Kf8 44. Qc8+ Kg7 45. Re1 Qf3 46. Qh3 Rb2 47. Ng4
Bd7 48. Rxe7 Rb1+ 49. Re1 Rxe1+ 50. Kxe1 Qe2# 0-1

[Event "ICS rated bullet match"]
[Site "204.178.125.65"]
[Date "2000.02.19"]
[Round "?"]
[White "undertaker1"]
[Black "Hossa"]
[Result "1-0"]
[WhiteElo "2316"]
[BlackElo "2444"]
[PlyCount "69"]

1. e4 d5 2. exd5 Nf6 3. d4 Nxd5 4. c4 Nb6 5. Nf3 Bg4 6. c5 Nd5 7. Qb3 Bxf3 8.
Qxb7 Ne3 9. Bb5+ Nd7 10. Bxd7+ Kxd7 11. Qxf3 Nc2+ 12. Kd2 Nxd4 13. Qxf7 Kc6 14.
Qc4 Nf5+ 15. Kc3 Qd5 16. Qxd5+ Kxd5 17. Re1 e5 18. b4 a5 19. Ba3 axb4+ 20. Bxb4
Nh4 21. Rd1+ Kc6 22. g3 Nf3 23. Nd2 Nxh2 24. Re1 Bxc5 25. Bxc5 Kxc5 26. Rxe5+
Kc6 27. Ne4 Nf3 28. Rc5+ Kb7 29. a4 Rhe8 30. Rb1+ Ka6 31. Rc6+ Ka5 32. Nc5 Re3+
33. fxe3 Nd4 34. exd4 g5 35. Rb5# 1-0

[Event "ICS rated blitz match"]
[Site "204.178.125.65"]
[Date "2000.02.19"]
[Round "?"]
[White "Hossa"]
[Black "Slivovitz"]
[Result "1-0"]
[WhiteElo "2397"]
[BlackElo "2094"]
[PlyCount "86"]

1. c4 Nf6 2. Nc3 c6 3. d4 d5 4. cxd5 cxd5 5. e3 e6 6. Bd3 Be7 7. Bd2 O-O 8.
Nge2 a6 9. Rc1 b5 10. Qc2 Bb7 11. a4 b4 12. Nb1 a5 13. Qc7 Ba6 14. Bxa6 Rxa6
15. O-O Bd6 16. Qb7 Qb6 17. Qxb6 Rxb6 18. f3 Rc6 19. g4 Rfc8 20. Rxc6 Rxc6 21.
Rc1 Rxc1+ 22. Nxc1 Nc6 23. h4 Kf8 24. Nd3 Ke8 25. h5 Kd7 26. Kg2 Kc7 27. Be1
Kb6 28. Nd2 Nd7 29. Bg3 Bxg3 30. Kxg3 Na7 31. Nb3 Nc8 32. g5 Nd6 33. Nbc5 Kc6
34. g6 hxg6 35. hxg6 fxg6 36. Nxe6 Nc4 37. Kf2 Ndb6 38. b3 Nd2 39. Ne5+ Kd6 40.
Nc5 Nbc4 41. bxc4 dxc4 42. Nb7+ Ke6 43. Nxa5 b3 1-0

[Event "ICS rated blitz match"]
[Site "204.178.125.65"]
[Date "2000.02.19"]
[Round "?"]
[White "Slivovitz"]
[Black "Hossa"]
[Result "0-1"]
[WhiteElo "2089"]
[BlackElo "2402"]
[PlyCount "60"]

1. e4 Nf6 2. e5 Nd5 3. Nc3 Nxc3 4. bxc3 d6 5. Nf3 dxe5 6. Nxe5 Qd5 7. d4 Nc6 8.
Nxc6 Qxc6 9. Qd3 Bf5 10. Qxf5 Qxc3+ 11. Kd1 Qxa1 12. Qb5+ c6 13. Qxb7 Qxd4+ 14.
Bd3 Rd8 15. Qxc6+ Qd7 16. Qa6 Rb8 17. a4 Rb4 18. a5 Rb1 19. Ke2 Qg4+ 20. Ke3
Qe6+ 21. Qxe6 fxe6 22. Rd1 g6 23. Ke2 Bg7 24. Be3 Rb7 25. a6 Rc7 26. Be4 O-O
27. Bb7 Rxc2+ 28. Rd2 Rxd2+ 29. Kxd2 Rd8+ 30. Kc2 Bd4 0-1

[Event "ICS rated blitz match"]
[Site "204.178.125.65"]
[Date "2000.02.19"]
[Round "?"]
[White "Hossa"]
[Black "Slivovitz"]
[Result "1-0"]
[WhiteElo "2407"]
[BlackElo "2084"]
[PlyCount "53"]

1. d4 Nf6 2. c4 g6 3. Nf3 Bg7 4. g3 d6 5. Nc3 O-O 6. Bg2 c6 7. O-O Nbd7 8. Bg5
h6 9. Bd2 e5 10. d5 c5 11. a3 a6 12. Qc1 Kh7 13. Rb1 Ne8 14. Rd1 f5 15. b3 g5
16. Bxg5 hxg5 17. Nxg5+ Kg6 18. Ne6 Qe7 19. Nxf8+ Nxf8 20. b4 b6 21. bxc5 bxc5
22. e3 Nf6 23. Qc2 Kf7 24. Na4 Bd7 25. Rb7 Qd8 26. Rdb1 Kg8 27. Nb6 1-0

[Event "ICS rated blitz match"]
[Site "204.178.125.65"]
[Date "2000.02.19"]
[Round "?"]
[White "Slivovitz"]
[Black "Hossa"]
[Result "0-1"]
[WhiteElo "2080"]
[BlackElo "2411"]
[PlyCount "64"]

1. e4 d6 2. Nf3 e5 3. Bc4 Nc6 4. Nc3 Be7 5. a3 Nf6 6. d3 O-O 7. h3 Be6 8. Nd5
Re8 9. Be3 Qd7 10. Qd2 a6 11. g4 Bd8 12. g5 Bxd5 13. exd5 Nd4 14. Nxd4 exd4 15.
gxf6 Bxf6 16. O-O-O dxe3 17. fxe3 Bg5 18. Rde1 Qe7 19. Kb1 Bxe3 20. Qe2 Qh4 21.
Qg4 Qxg4 22. hxg4 Bd2 23. Ref1 Re2 24. Rhg1 b5 25. Bb3 Rae8 26. Ka2 R8e5 27. a4
h5 28. gxh5 Rxh5 29. axb5 axb5 30. c4 Bc3 31. Rb1 Rhh2 32. cxb5 Bxb2 0-1

[Event "ICS rated standard match"]
[Site "204.178.125.65"]
[Date "2000.02.19"]
[Round "?"]
[White "Dan-ger"]
[Black "Hossa"]
[Result "1-0"]
[WhiteElo "1976"]
[BlackElo "2243"]
[PlyCount "135"]

1. d4 Nf6 2. Nf3 e6 3. Bg5 c5 4. Nbd2 cxd4 5. Nxd4 d5 6. e4 h6 7. Bh4 g5 8. Bg3
dxe4 9. Nb5 Na6 10. Nc4 Bb4+ 11. c3 Bc5 12. Nbd6+ Ke7 13. Qb3 Nh5 14. Nxb7 Qd5
15. Bd6+ Bxd6 16. Ncxd6 Qxb3 17. axb3 Nc7 18. h4 g4 19. Rd1 Bxb7 20. Nxb7 g3
21. Nc5 gxf2+ 22. Kxf2 Nf6 23. Re1 Rhb8 24. Bc4 Ng4+ 25. Kg3 f5 26. Nxe4 Ne5
27. Nd2 Nxc4 28. Nxc4 Rxb3 29. Re2 Rab8 30. Kf3 Kf6 31. Rd1 Nd5 32. Rde1 Nc7
33. g4 R8b5 34. gxf5 exf5 35. Re7 Rc5 36. Nd6 Rbxc3+ 37. bxc3 Rxc3+ 38. Kg2
Rc2+ 39. Kf1 Rc6 40. Rxc7 Rxd6 41. Rxa7 Kg6 42. Ra4 Kg7 43. Re5 Kg6 44. Ke2 Rc6
45. Ke3 Rb6 46. Kf4 Rf6 47. Ra1 Rd6 48. Rg1+ Kf7 49. Rxf5+ Ke8 50. Ke5 Ra6 51.
Rg8+ Ke7 52. Rg7+ Ke8 53. Rf6 Ra1 54. Rxh6 Kf8 55. Rc7 Ra5+ 56. Kd4 Ra4+ 57.
Kc5 Kg8 58. h5 Ra2 59. Rhh7 Rc2+ 60. Kd4 Rd2+ 61. Ke3 Ra2 62. Rcg7+ Kf8 63. h6
Ra3+ 64. Kd2 Ra2+ 65. Kc3 Ra3+ 66. Kb4 Rb3+ 67. Kxb3 Ke8 68. Rh8# 1-0

[Event "ICS rated standard match"]
[Site "204.178.125.65"]
[Date "2000.02.19"]
[Round "?"]
[White "Hossa"]
[Black "Dan-ger"]
[Result "0-1"]
[WhiteElo "2229"]
[BlackElo "2036"]
[PlyCount "178"]

1. c4 Nf6 2. Nf3 d5 3. cxd5 Nxd5 4. e4 Nf6 5. Nc3 Bg4 6. Qb3 Bxf3 7. Qxb7 Bxe4
8. Nxe4 Nbd7 9. Nxf6+ exf6 10. Bb5 Bd6 11. Bxd7+ Kxd7 12. O-O Re8 13. d4 Re6
14. Qb5+ c6 15. Qf5 g6 16. Qh3 h5 17. Be3 Rb8 18. b3 Qa5 19. Qf3 Rbe8 20. Rac1
Qd5 21. Qd1 Bc7 22. Re1 Qd6 23. g3 h4 24. Qg4 hxg3 25. hxg3 f5 26. Qh3 Kc8 27.
Rc5 Bb6 28. Rc4 Kb7 29. Qg2 Re4 30. Rec1 Rc8 31. Rd1 Qd5 32. a3 Rce8 33. Rdc1
R8e6 34. Qf1 g5 35. Bxg5 Rg6 36. Bd2 f4 37. Qh3 Bxd4 38. Rb4+ Kc7 39. Rxd4 Rxd4
40. Be1 fxg3 41. fxg3 Qxb3 42. Rc3 Qe6 43. Qxe6 Rxe6 44. Bf2 Rd1+ 45. Kg2 Rd2
46. Rf3 f6 47. Kh3 a5 48. g4 Kd7 49. a4 Rdd6 50. Bc5 Rd5 51. Bb6 Re4 52. Rxf6
Rg5 53. Rf7+ Ke6 54. Rc7 Kd6 55. Rc8 Rexg4 56. Rd8+ Ke6 57. Re8+ Kf7 58. Rc8
Rxa4 59. Rxc6 Re4 60. Bf2 a4 61. Ra6 Kg7 62. Ra7+ Kg6 63. Ra8 Rd5 64. Ra6+ Kg5
65. Ra8 Rd3+ 66. Kg2 a3 67. Bg3 Re2+ 68. Kf1 Rc2 69. Be1 a2 70. Ra5+ Kf4 71.
Ra4+ Ke3 72. Ra8 Rd1 73. Re8+ Kf4 74. Rf8+ Kg5 75. Rg8+ Kf6 76. Rf8+ Ke7 77.
Rf2 Rxe1+ 78. Kg2 Rxf2+ 79. Kxf2 a1=Q 80. Kg2 Qb2+ 81. Kf3 Ra1 82. Kg4 Ra3 83.
Kg5 Qb4 84. Kg6 Ra5 85. Kh6 Qc5 86. Kh7 Qf5+ 87. Kh8 Ra8+ 88. Kg7 Qf6+ 89. Kh7
Rh8# 0-1

[Event "ICS Rated standard match"]
[Site "204.178.125.65"]
[Date "2000.02.19"]
[Round "?"]
[White "Dan-ger"]
[Black "Hossa"]
[Result "1-0"]
[WhiteElo "2086"]
[BlackElo "2215"]
[PlyCount "159"]

1. d4 Nf6 2. Nf3 d5 3. e3 e6 4. c4 c5 5. Bd3 cxd4 6. exd4 dxc4 7. Bxc4 Bd6 8.
Nc3 O-O 9. O-O Bd7 10. d5 exd5 11. Nxd5 Bc6 12. Bg5 Bxd5 13. Bxd5 Bxh2+ 14.
Nxh2 Qxd5 15. Bxf6 Qxd1 16. Raxd1 gxf6 17. Rfe1 Kg7 18. Re7 b5 19. Re3 Rc8 20.
Rg3+ Kf8 21. Ng4 Kg7 22. Rd6 Kf8 23. Nh6 Ke7 24. Nf5+ Kf8 25. Rc3 Re8 26. Rc7
Kg8 27. Rxf6 Rf8 28. Nh6+ Kg7 29. Rfxf7+ Rxf7 30. Nxf7 Na6 31. Rb7 Nc5 32. Rxb5
Rc8 33. Nd6 Rc6 34. Nf5+ Kf6 35. Nd4 Rc7 36. Kf1 Nd3 37. Rb3 Nc1 38. Rf3+ Ke5
39. Nb5 Rb7 40. a4 Rd7 41. Re3+ Kf6 42. Nc3 Kf7 43. b4 Nd3 44. b5 Nb2 45. Ke2
Rd4 46. a5 Rb4 47. Re4 Nc4 48. Nd1 Ra4 49. Kd3 Ra1 50. Rxc4 Rxd1+ 51. Ke3 Rd5
52. Rc7+ Kg6 53. b6 Rxa5 54. bxa7 Ra1 55. Ke4 Kf6 56. Rxh7 Kg6 57. Rd7 Kg5 58.
f4+ Kg4 59. Rg7+ Kh5 60. g4+ Kh4 61. f5 Ra4+ 62. Kd5 Ra5+ 63. Kc6 Ra1 64. f6
Kg3 65. f7 Rc1+ 66. Kd5 Rd1+ 67. Ke4 Re1+ 68. Kd3 Rd1+ 69. Ke2 Rd8 70. Rg8 Rd6
71. f8=Q Re6+ 72. Kd3 Ra6 73. Qb8+ Kf3 74. Rf8+ Kg2 75. Qb7+ Kg1 76. Qxa6 Kh2
77. a8=Q Kg1 78. Qa1+ Kh2 79. Q1h1+ Kg3 80. Qaf3# 1-0

[Event "ICS rated standard match"]
[Site "204.178.125.65"]
[Date "2000.02.19"]
[Round "?"]
[White "Hossa"]
[Black "Dan-ger"]
[Result "0-1"]
[WhiteElo "2202"]
[BlackElo "2128"]
[PlyCount "216"]

1. c4 Nf6 2. Nc3 e6 3. Nf3 Nc6 4. d4 Bb4 5. a3 Bxc3+ 6. bxc3 Ne7 7. e3 O-O 8.
Bd3 b6 9. O-O Bb7 10. Re1 Be4 11. Be2 d6 12. Ng5 Bb7 13. f3 c5 14. e4 Rc8 15.
Rb1 h6 16. Nh3 Nd7 17. d5 Qc7 18. Qa4 a6 19. Bd2 Rb8 20. Bf1 Rbe8 21. f4 e5 22.
Bd3 exf4 23. Nxf4 Nc8 24. Bc2 Re7 25. Ne2 Ne5 26. Ng3 Rd8 27. Rf1 Ree8 28. Nf5
Ne7 29. Ne3 N7g6 30. Rf2 Rb8 31. Qb3 Bc8 32. a4 Bd7 33. Ra1 Rb7 34. Qa2 Ra7 35.
Qb1 Rb7 36. Qf1 Rbb8 37. Rb1 Rbd8 38. Bb3 Bc8 39. Rb2 Ng4 40. Nxg4 Bxg4 41. Qb1
Rc8 42. Bc2 Rb8 43. Qa2 Ne5 44. Qb3 Bh5 45. Rb1 Bg6 46. Rbf1 Re7 47. Qa2 Rbe8
48. Rf4 Nd7 49. R1f2 f6 50. Qb1 Ne5 51. Qf1 Nf7 52. Bb3 Bxe4 53. Re2 Re5 54.
Ref2 R5e7 55. Re2 Re5 56. Ref2 Ng5 57. h4 Nf7 58. Rg4 f5 59. Rg3 R5e7 60. h5
Kh8 61. Re3 Ne5 62. Rf4 Ng4 63. Rg3 Nf6 64. Bd1 Bb1 65. Rg6 Qd7 66. Bf3 Bc2 67.
Bd1 Bxd1 68. Qxd1 Re2 69. Rf3 Nxh5 70. a5 bxa5 71. Rf2 Rxf2 72. Kxf2 Nf6 73.
Rxf6 gxf6 74. Qh5 Rb8 75. Qxh6+ Kg8 76. Qxf6 a4 77. Qg6+ Qg7 78. Qxd6 Rb2 79.
Qd8+ Qf8 80. Qg5+ Kf7 81. Qxf5+ Ke8 82. Qxf8+ Kxf8 83. Ke3 a3 84. Bc1 Rb3 85.
Bxa3 Rxc3+ 86. Ke4 Rxa3 87. d6 a5 88. d7 Ke7 89. g4 a4 90. g5 Rg3 91. Kd5 Rxg5+
92. Ke4 a3 93. Kd3 a2 94. d8=R Kxd8 95. Kc2 a1=R 96. Kd3 Rf1 97. Ke4 Kd7 98.
Kd3 Kd6 99. Ke2 Rfg1 100. Kd3 Ke5 101. Kc2 Kd4 102. Kb3 R5g3+ 103. Kc2 Kxc4
104. Kd2 Rh1 105. Ke2 Rh2+ 106. Kf1 Ra3 107. Kg1 Rb2 108. Kf1 Ra1# 0-1

[Event "ICS rated blitz match"]
[Site "204.178.125.65"]
[Date "2000.02.19"]
[Round "?"]
[White "Hossa"]
[Black "PostModernist"]
[Result "1/2-1/2"]
[WhiteElo "2415"]
[BlackElo "2490"]
[PlyCount "98"]

1. e4 c5 2. Nc3 Nc6 3. Nf3 d6 4. Bc4 e6 5. O-O Be7 6. d3 Nf6 7. Bg5 O-O 8. Re1
Bd7 9. a3 Ng4 10. Bf4 Na5 11. Nd2 Nxc4 12. Nxc4 e5 13. f3 b5 14. Nd2 Bh4 15.
Bg3 Bxg3 16. hxg3 Nf6 17. g4 Bc6 18. Nf1 b4 19. Ne2 Qe7 20. Ne3 a5 21. Nf5 Qe6
22. Qd2 Kh8 23. Qg5 g6 24. Nh6 Rfb8 25. axb4 axb4 26. f4 Nd7 27. f5 Qe8 28.
Rxa8 Rxa8 29. fxg6 fxg6 30. Rf1 d5 31. Nf7+ Kg8 32. Ng3 Qxf7 33. Rxf7 Kxf7 34.
exd5 Bxd5 35. Qh4 Nf8 36. Nf1 Ke6 37. Ne3 b3 38. Nxd5 Ra1+ 39. Kf2 bxc2 40.
Qe7+ Kxd5 41. Qd8+ Kc6 42. Qc8+ Kb6 43. Qb8+ Kc6 44. Qc8+ Kd5 45. Qd8+ Ke6 46.
Qe8+ Kd5 47. Qd8+ Ke6 48. Qe8+ Kd5 49. Qd8+ Ke6 1/2-1/2

[Event "ICS rated blitz match"]
[Site "204.178.125.65"]
[Date "2000.02.19"]
[Round "?"]
[White "QueenMaxima"]
[Black "Hossa"]
[Result "0-1"]
[WhiteElo "2361"]
[BlackElo "2418"]
[PlyCount "128"]

1. d4 e6 2. Nf3 Nf6 3. c4 d5 4. Bg5 h6 5. Bxf6 Qxf6 6. e3 c6 7. Nc3 Be7 8. Bd3
dxc4 9. Bxc4 Nd7 10. O-O O-O 11. Qc2 e5 12. Rfd1 Rd8 13. Ne4 Qf5 14. Rac1 exd4
15. Rxd4 Ne5 16. Nxe5 Qxe5 17. f4 Qc7 18. Rxd8+ Qxd8 19. Qb3 Qe8 20. Qc3 Bf5
21. Ng3 Bg6 22. f5 Bh7 23. Nh5 Bf8 24. f6 Bb4 25. Qd4 c5 26. Qf4 Bd2 27. Qg4 g6
28. Rd1 Qxe3+ 29. Kh1 Rd8 30. Ng3 h5 31. Qe4 Qxe4 32. Nxe4 Ba5 33. Bd5 g5 34.
Nxg5 Bg6 35. g3 Kf8 36. h4 Bc7 37. Kg2 Be5 38. b3 Bxf6 39. Kf3 Bxg5 40. hxg5 h4
41. g4 h3 42. Ke2 b6 43. Bc6 Rxd1 44. Kxd1 Ke7 45. Kd2 Kd6 46. Bb7 Ke5 47. Ke3
Bb1 48. a3 Ba2 49. b4 c4 50. a4 Bb1 51. Bc6 c3 52. Bh1 a5 53. bxa5 bxa5 54. g6
Bxg6 55. Ke2 Be4 56. g5 Bxh1 57. g6 fxg6 58. Kd3 Bc6 59. Kxc3 h2 60. Kd3 h1=Q
61. Kc2 Be4+ 62. Kd2 Qf1 63. Kc3 Qc1+ 64. Kb3 Bd5# 0-1

[Event "ICS rated blitz match"]
[Site "204.178.125.65"]
[Date "2000.02.19"]
[Round "?"]
[White "Hossa"]
[Black "QueenMaxima"]
[Result "1-0"]
[WhiteElo "2431"]
[BlackElo "2348"]
[PlyCount "163"]

1. d4 Nf6 2. Nf3 g6 3. c4 c5 4. e3 e6 5. Bd3 cxd4 6. exd4 Bg7 7. O-O O-O 8. Bg5
d5 9. cxd5 Qxd5 10. Nc3 Qa5 11. Rc1 Nc6 12. Qd2 Nh5 13. Bb5 Bd7 14. Bh6 Rad8
15. g4 Nxd4 16. Nxd4 Bxb5 17. Ncxb5 Qxd2 18. Bxd2 Bxd4 19. gxh5 Bxb2 20. Rc2
Bd4 21. Bh6 Bg7 22. Bxg7 Kxg7 23. Nxa7 gxh5 24. Rc7 b6 25. Rb1 Rg8 26. Nc6 Ra8
27. Ne7 Rgd8 28. Rc2 Kf6 29. Nc6 Rg8+ 30. Kf1 Ra6 31. Rb5 Rg5 32. Rxg5 Kxg5 33.
Rb2 Kf6 34. Nb8 Ra7 35. Rd2 Kf5 36. Nc6 Rc7 37. Rd6 Kg4 38. Kg2 b5 39. h3+ Kg5
40. Kg3 h4+ 41. Kf3 Kf5 42. a3 e5 43. Ke3 f6 44. Kf3 Kg5 45. Ke4 Rc8 46. f3 Ra8
47. Rd3 Ra4+ 48. Nb4 Ra7 49. Rc3 Ra5 50. Rb3 h6 51. Nc6 Ra4+ 52. Ke3 Kf5 53.
Kf2 Ke6 54. Nd8+ Kd7 55. Nf7 h5 56. Nh6 Kc6 57. Ng8 Rf4 58. Rb4 Rxb4 59. axb4
f5 60. Ne7+ Kd7 61. Nxf5 Ke6 62. Ne3 Kd6 63. Ke2 Ke6 64. Kd3 Ke7 65. Ke4 Kd6
66. Nc2 Ke6 67. Na3 Kd6 68. Nxb5+ Ke6 69. Nc3 Kd6 70. Kf5 Kc6 71. Kxe5 Kc7 72.
Nd5+ Kc6 73. b5+ Kxb5 74. f4 Kc6 75. Ke6 Kc5 76. f5 Kd4 77. f6 Ke4 78. f7 Kf3
79. f8=Q+ Kg2 80. Ne3+ Kg3 81. Qf1 Kh2 82. Qg2# 1-0

[Event "ICS rated blitz match"]
[Site "204.178.125.65"]
[Date "2000.02.19"]
[Round "?"]
[White "PostModernist"]
[Black "Hossa"]
[Result "1-0"]
[WhiteElo "2487"]
[BlackElo "2443"]
[PlyCount "93"]

1. d4 e6 2. Nf3 Nf6 3. g3 c5 4. Bg2 d5 5. O-O cxd4 6. Nxd4 Be7 7. c4 dxc4 8.
Qa4+ Nbd7 9. Rd1 h5 10. Qxc4 Qb6 11. Qc2 h4 12. gxh4 Ng4 13. h3 Nxf2 14. Kxf2
e5 15. Be3 exd4 16. Bxd4 Qh6 17. Kg1 Qxh4 18. Bxa7 Qg5 19. Qc3 Ne5 20. Be3 Qh5
21. Bd4 f6 22. Bxe5 fxe5 23. Qc4 Bxh3 24. Qb5+ Kf8 25. Rf1+ Bf6 26. Qb4+ Ke8
27. Qxb7 Bxg2 28. Qxg2 Rc8 29. Nc3 Bg5 30. Rf3 Rh7 31. Kf1 Qh1+ 32. Qg1 Bd2 33.
Rd1 Bxc3 34. bxc3 e4 35. Rg3 Qh4 36. Rd4 Qf4+ 37. Kg2 Kf7 38. Rd7+ Ke6 39. Qd4
g5 40. Rxh7 Rc7 41. Qb6+ Kf5 42. Rh6 Rc6 43. Qxc6 Qd6 44. Qb5+ Qe5 45. Qd7+ Qe6
46. Qxe6+ Kf4 47. Rf6# 1-0

[Event "ICS rated blitz match"]
[Site "204.178.125.65"]
[Date "2000.02.19"]
[Round "?"]
[White "QueenMaxima"]
[Black "Hossa"]
[Result "0-1"]
[WhiteElo "2348"]
[BlackElo "2429"]
[PlyCount "158"]

1. d4 c6 2. Nf3 d5 3. Bf4 e6 4. c3 Bd6 5. Bxd6 Qxd6 6. e3 Nf6 7. Bd3 c5 8. Qa4+
Nc6 9. Qa3 b6 10. Nbd2 a6 11. Nb3 Nd7 12. dxc5 bxc5 13. O-O O-O 14. e4 g6 15.
exd5 exd5 16. Rfe1 f6 17. Rad1 Bb7 18. Be4 Ne7 19. c4 Rae8 20. Na5 Ba8 21. cxd5
f5 22. Bd3 Nxd5 23. Rc1 N5f6 24. Nc4 Qf4 25. Ncd2 Ng4 26. Qb3+ Kh8 27. Bxa6
Nde5 28. Qc3 Rf6 29. Bb5 Bxf3 30. g3 Qh6 31. Nxf3 Nxf3+ 32. Qxf3 Qxh2+ 33. Kf1
Rd8 34. Rcd1 Rb8 35. Re8+ Rxe8 36. Bxe8 Qh5 37. Kg2 f4 38. Rd8 Rf8 39. Qc3+ Kg8
40. Qb3+ Kg7 41. Qb7+ Kh6 42. Qf3 Rf6 43. Rd6 Qh2+ 44. Kf1 Qh3+ 45. Ke2 Nh2 46.
Qd5 Qf1+ 47. Kd2 Qxf2+ 48. Kd1 Qf3+ 49. Kc2 Rxd6 50. Qxd6 Qe4+ 51. Kc1 Qe1+ 52.
Kc2 Qxe8 53. Qxf4+ g5 54. Qd6+ Qg6+ 55. Qxg6+ Kxg6 56. a4 Nf3 57. a5 Nd4+ 58.
Kc3 Kf5 59. a6 Nb5+ 60. Kc4 Nc7 61. a7 Ke6 62. Kxc5 Kd7 63. Kb6 h5 64. b4 h4
65. gxh4 gxh4 66. b5 h3 67. Kc5 h2 68. b6 h1=Q 69. bxc7 Qe4 70. c8=Q+ Kxc8 71.
a8=Q+ Qxa8 72. Kd4 Qf3 73. Ke5 Kd7 74. Kd4 Kc6 75. Ke5 Qg4 76. Kf6 Kd6 77. Kf7
Qg5 78. Kf8 Ke6 79. Ke8 Qg8# 0-1